000 00543nam a2200193Ia 4500
005 20250326145435.0
008 250326s9999 xx 000 0 und d
037 _aTextbook
040 _aFMSL
_beng
_cFMSL
041 _aeng
_2eng
084 _qFMSL
100 _aBlunch N J
_9751156
245 0 _aIntroductional to equation modeling using IBM SPSS statistics and EQS
_cBlunch N J
260 _aNew Delhi
_bNew Delhi, Sage
_c2016
365 _b2873.3400000000001
650 _aManagement
942 _cTB
999 _c1307584
_d1307584